000 00488nam a2200193Ia 4500
005 20250423100623.0
008 250422s9999 xx 000 0 und d
020 _a9781259252778
050 _aHF 5667 .W45/
100 _aWhittington, Ray O.
245 0 _aPrinciples of auditing & other assurance services
250 _a12th ed.
260 _aNew York
260 _bMcgraw-Hill International Education
260 _c2016
300 _a845 p
650 _aAuditing
942 _cBK
999 _c33851
_d33851